Slovensko a medzinárodná vedecko-technická spolupráca. 2.

Kroky a operácie algoritmu medzinárodnej vedecko-technickej spolupráce. Ciele medzinárodnej vedecko-technickej spolupráce na úrovni jednotlivých subjektov a na úrovni orgánu vlády povereného usmerňovaním vedeckého a technologického rozvoja. Formy a stratégia medzinárodnej vedecko-technickej spoluprá...

ver descrição completa

Na minha lista:
Detalhes bibliográficos
Autor principal: Kovačič, Ľ.
Formato: Capítulo de Livro
Idioma:eslovaco
Assuntos:
Tags: Adicionar Tag
Sem tags, seja o primeiro a adicionar uma tag!

MARC

LEADER 00000naa a2200000 4500
001 r011321
005 20220826094125.4
041 0 |a slo 
044 |a [CS] 
245 1 0 |a Slovensko a medzinárodná vedecko-technická spolupráca. 2.  |c Ľ. Kovačič 
520 |a Kroky a operácie algoritmu medzinárodnej vedecko-technickej spolupráce. Ciele medzinárodnej vedecko-technickej spolupráce na úrovni jednotlivých subjektov a na úrovni orgánu vlády povereného usmerňovaním vedeckého a technologického rozvoja. Formy a stratégia medzinárodnej vedecko-technickej spolupráce. Teritoriálne stanovenie priorít. 
610 2 0 |a spolupráca vedeckotechnická 
610 2 0 |a Slovensko 
610 2 0 |a vláda 
610 2 0 |a technológie nové 
100 1 |a Kovačič, Ľ.